Global Politics in the human interest / (Record no. 82499)

MARC details
000 -LEADER
fixed length control field 00533nam a2200217 454500
001 - CONTROL NUMBER
control field 082499
003 - CONTROL NUMBER IDENTIFIER
control field BD-ChCU
005 - DATE AND TIME OF LATEST TRANSACTION
control field 20251217094707.0
008 - FIXED-LENGTH DATA ELEMENTS--GENERAL INFORMATION
fixed length control field Eng
020 ## - INTERNATIONAL STANDARD BOOK NUMBER
International Standard Book Number 9788130912233
040 ## - CATALOGING SOURCE
Original cataloging agency DLC
Transcribing agency DLC
Modifying agency BD-ChCU
082 00 - DEWEY DECIMAL CLASSIFICATION NUMBER
Classification number 327.1/G978g
100 1# - MAIN ENTRY--PERSONAL NAME
Personal name Gurtov, MEL
Numeration x
245 10 - TITLE STATEMENT
Title Global Politics in the human interest /
Statement of responsibility, etc. Mel Gurton
250 ## - EDITION STATEMENT
Edition statement 5th
260 ## - PUBLICATION, DISTRIBUTION, ETC.
Place of publication, distribution, etc. New Delhi:
Name of publisher, distributor, etc. Viva Books,
Date of publication, distribution, etc. 2010
300 ## - PHYSICAL DESCRIPTION
Extent VIII, 391
650 #0 - SUBJECT ADDED ENTRY--TOPICAL TERM
Topical term or geographic name entry element World Politics
Topical term following geographic name entry element International relations
700 1# - ADDED ENTRY--PERSONAL NAME
Personal name x
942 ## - ADDED ENTRY ELEMENTS (KOHA)
Source of classification or shelving scheme Dewey Decimal Classification
Koha item type Books
Holdings
Withdrawn status Lost status Source of classification or shelving scheme Materials specified (bound volume or other part) Damaged status Not for loan Home library Current library Shelving location Date acquired Source of acquisition Total Checkouts Full call number Barcode Date last seen Copy number Price effective from Koha item type Public note
    Dewey Decimal Classification 27.1/G978g     Chittagong University Library Chittagong University Library Business and Social Science Reading Room 14/06/2015 Purchase   327.1/G978g 277964 13/09/2015 1 13/09/2015 Books Photocopy
    Dewey Decimal Classification 27.1/G978g     Chittagong University Library International Relations Seminar Library Business and Social Science Reading Room 14/06/2015 Purchase   327.1/G978g 277965 13/09/2015 2 13/09/2015 Books Photocopy
© Copyright 2026. Chittagong University Library, Installation and Maintenance by Prof. Dr. Md. Alamgir, 01711306253